000
00450nam a2200145Ia 4500
008
100204s9999 xx 000 0 und d
082
_b
11894
100
_a
काळे भानू
245
_a
कॉम्रेड
260
_b
"ग्रंथाली वाचक चळवळ , मुंबई - कुर्ला"
_c
1989
300
_a
219
630
_a
कॉम्रेड
730
_a
कॉम्रेड
942
_c
BOOK
999
_c
456306
_d
456303